| 000 | 01239nam a2200301 4500 | ||
|---|---|---|---|
| 001 | 0000022326 | ||
| 003 | CO-CtgCURN | ||
| 005 | 20250502121244.0 | ||
| 007 | ta | ||
| 008 | 160627s1997 000 0 eng d | ||
| 020 | _a9500620006 | ||
| 040 |
_aCO-CtgCURN _bspa _ccoctgcurn |
||
| 082 | 0 |
_a614.4 _bS12e |
|
| 245 | 0 | 0 |
_aEpidemiología clínica : _bciencia básica para la medicina clínica / _cDavid L. Sackett...[et , al]. |
| 250 | _a2a ed. | ||
| 260 |
_aBuenos Aires : _bMedica Panamericana, _c1997. |
||
| 300 | _a424 p. | ||
| 336 | _2rdacontent | ||
| 337 |
_2rdamedia _asin mediacion _bn |
||
| 338 |
_2rdacarrier _avolumen _bnc |
||
| 500 | _aIncluye indice Analitico. | ||
| 505 | 8 | _aDiagnostico.--Estrategias para el diagnostico clinico.--El examen clinico.--Selección de pruebas diagnoticas.--Interpretacion de los datos dignosaticas.--Diagnotico precoz.--Elaboracion y pronostico.--Decidir la mejor terapeutica.--Ayudar a los pacientes a cumplir los tratamientos.--Decidir si su tratamiento ha sido perjudicial | |
| 650 | 1 | 4 | _aEpidemiología clinica. |
| 700 | 1 | _aSackett, David L. | |
| 908 | _a160627 | ||
| 942 |
_cBK _h614.4 _iS12e _2ddc _n0 |
||
| 999 |
_c21951 _d21951 |
||